000
00298 a2200133 4500
000
nam a22 7a 4500
005
20260327094451.0
020
_a
9789363865778
100
_a
R. Carter Hill
245
_a
Principles of Econometrics
250
_a
5th
260
_b
Wiley
_c
2025
942
_c
TEXL
999
_c
1843557
_d
1843557